Mały gatunek : wiersze 1943-1959 /

Main Author: Wirpsza, Witold, 1918-1985
Language: Polish
Published: Warszawa : Czytelnik, 1960
Edition: 1. wyd.
Physical Description: 101 s.
Book
Saved in:
LEADER 00600nam a22002052a 4500
001 000277281
003 CZ BrMZK
005 20100203115239.0
007 ta
008 980105s1960 pl er pol d
040 |a BOA001  |b cze 
100 1 |a Wirpsza, Witold,  |d 1918-1985  |7 xx0002401  |4 aut 
245 1 0 |a Mały gatunek :  |b wiersze 1943-1959 /  |c Witold Wirpsza 
250 |a 1. wyd. 
260 |a Warszawa :  |b Czytelnik,  |c 1960 
300 |a 101 s. 
910 |a BOA001  |b 1-0445.125 
990 |a BK 
991 |b 200909 
996 7 |b 2619886239  |c 1-0445.125  |l MZK  |r Sklad / do 1 hodiny  |n 2  |w 000277281  |u 000010  |a 1  |e BOA001  |j MZK50  |s A